000 00459nam a22001937a 4500
999 _c11600
_d11600
003 OSt
008 221201b ||||| |||| 00| 0 eng d
020 _a9789353594947
082 _a658 SHP
100 _aSHARMA, R.K.
245 _aPrinciples of Management
250 _aReprint
260 _aLudhiana
_bKalyani Publishers
_c2022
300 _aMISC
650 _aCommerce
700 _aGUPTA, Shashi K.
700 _aSHARMA, Rahul
942 _2ddc
_cBK
_04